| 000 | 00581nam a2200181 a 4500 | ||
|---|---|---|---|
| 001 | 5893 | ||
| 003 | CDMR | ||
| 005 | 20130711133900.0 | ||
| 008 | 130220s2000||||||||||||||||||||||||||||d | ||
| 040 |
_aCDMR _bcat _cCDMR |
||
| 245 | 0 | 0 |
_aPerspectiva y formación en las televisiones locales de Cataluña _cAula formació Comissions Obreres |
| 260 |
_aBarcelona _bFundación para la Formación Continua |
||
| 260 |
_bATAACS _c2000 |
||
| 300 |
_a165 p ; _c22 cm |
||
| 650 | 0 | 4 |
_93757 _aTelevisió local _zCatalunya |
| 710 | 2 |
_92839 _aComissions Obreres _b -- Aula formació |
|
| 942 |
_cMON _2udc |
||
| 999 |
_c5893 _d5893 |
||